<?xml version="1.0" encoding="UTF-8"?>
<collection xmlns="http://www.loc.gov/MARC21/slim">
  <record>
    <leader>00000nam  2200000   4500</leader>
    <controlfield tag="001">INLIS000000000018495</controlfield>
    <controlfield tag="005">20241119022123</controlfield>
    <datafield tag="035" ind1="#" ind2="#">
      <subfield code="a">0010-1124000161</subfield>
    </datafield>
    <controlfield tag="007">ta</controlfield>
    <controlfield tag="008">241119###########################0######</controlfield>
    <datafield tag="245" ind1="#" ind2="#">
      <subfield code="a">ORAK ARIK DATA :</subfield>
      <subfield code="b">Optimalisasi RPS Mata Kuliah Analitik dan Visualisasi Data di Program Studi Sistem Informasi ITH /</subfield>
      <subfield code="c">Andi Nurfadilah Ali, S.Tr. Kom., M.Kom</subfield>
    </datafield>
    <datafield tag="260" ind1="#" ind2="#">
      <subfield code="a">Makassar :</subfield>
      <subfield code="b">Puslatbang KMP LAN RI,</subfield>
      <subfield code="c">2024</subfield>
    </datafield>
    <datafield tag="300" ind1="#" ind2="#">
      <subfield code="a">44 ;</subfield>
      <subfield code="c">30</subfield>
    </datafield>
    <datafield tag="650" ind1="#" ind2="4">
      <subfield code="a">Penyusunan RPS</subfield>
    </datafield>
    <datafield tag="700" ind1=" " ind2="#">
      <subfield code="a">Prof. Dr. Eng. Intan Sari Areni, S.T., M.T (Mentor)</subfield>
    </datafield>
    <datafield tag="700" ind1=" " ind2="#">
      <subfield code="a">Zulchaidir, S.Sos., M.AP (Coach)</subfield>
    </datafield>
    <datafield tag="520" ind1="#" ind2="#">
      <subfield code="a">Penyusunan RPS merupakan langkah krusial untuk memastikan bahwa proses pembelajaran memenuhi standar akademik dan kebutuhan mahasiswa dalam menghadapi perkembangan ilmu pengetahuan dan teknologi. Fokus dari aktualisasi ini adalah penyusunan RPS untuk mata kuliah Analitik dan Visualisasi Data di Semester 6, karena beberapa mata kuliah pilihan di program studi terkait masih belum memiliki RPS yang lengkap. Selain itu, terdapat model RPS baru yang harus diadopsi oleh ITH agar materi dan metode pengajaran tetap relevan dan sejalan dengan standar pendidikan terkini.</subfield>
    </datafield>
    <datafield tag="856" ind1="#" ind2="#">
      <subfield code="a">Puslatbang KMP LAN</subfield>
    </datafield>
  </record>
</collection>
